01049nam a2200241 a 45000010005000000030005000050050017000100080041000270200034000680200030001020400020001322450162001522600053003143000018003676500038003856500028004236500066004516500033005178560135005509420013006859990015006989520094007134380CDMR20131126163152.0130130s2004||||||||||||||||||||||||||||d a9223155541 (versió impresa) a922315555X (versió PDF) aCDMRbcatcCDMR 3aEl futuro del trabajo y de la calidad en la sociedad de la informaciónb: el sector de los medios de comunicación, la cultura y las industrias gráficas aGinebrac2004bOficina Internacional del Trabajo a125 p.c30 cm0493156aSocietat de la informació0493792aMercat de treball0493178aMitjans de comunicació de massaxAspectes econòmics0494171aIndústries culturals40uhttp://www.ilo.org/wcmsp5/groups/public/---dgreports/---dcomm/documents/meetingdocument/kd00064es.pdfyDisponible en línia (PDF) cMON2udc c4380d4380 00104071aCDMRbCDMRd2013-01-16l0oCi 8/28pCDMR13097479r2013-01-16w2013-01-16yMON